Los hombres son de Marte, las mujeres son de Venus

-д хадгалсан:
Номзүйн дэлгэрэнгүй
Үндсэн зохиолч: Gray, John (psicólogo)
Формат: Ном
Хэл сонгох:испани
Хэвлэсэн: Buenos Aires Atlántida 1995
Хэвлэл:5a. ed
Цуврал:Libro Express: Autoayuda
Нөхцлүүд:
Шошгууд: Шошго нэмэх
Шошго байхгүй, Энэхүү баримтыг шошголох эхний хүн болох!

MARC

LEADER 00000nam a2200000 a 4500
001 UCH5500
003 CL-VaPUC
008 091014e19950000AG |||||||||||||||||spa|d
020 |a 9500813092 
082 0 4 |a 155.33  |b GRA  |2 21 
100 |a Gray, John  |e psicólogo  |9 599484 
245 1 4 |a Los hombres son de Marte, las mujeres son de Venus 
250 |a 5a. ed 
300 |a 356 p 
942 |c BK 
945 |d 20091014 00:00:00  |a ccalabra 
260 |a Buenos Aires  |b Atlántida  |c 1995 
650 0 |a Hombres   |9 318163 
650 0 |a Mujeres  |9 257649 
650 0 |a Psicología social   |9 222894 
650 0 |a Relaciones interpersonales  |9 307056 
650 0 |a Comunicación   |9 257251 
650 0 |a Parejas  |9 312442 
650 0 |a Aspectos psicológicos  |9 258128 
583 |a last modification  |c 20091014 00:00:00  |k Rodrigo Vera 
490 0 |a Libro Express: Autoayuda 
999 |c 336631  |d 336629